Team della Piston Cup (Cars) - Sudden death - Statistics

Statistiche generali
  • Questo quiz è stato fatto 199 volte
  • Il punteggio medio è 4 su 20
Answers on the Grid
Answers color-coded by a green-red scale on the quiz's grid according to % correct below.
Apple
Clutch Fuel
Dale Earnhardt Inc.
Easy Idle
Fapple Juice
Faux Wheel Drive
Fiber Fuel
Gasprin Asprings
HTB
KTM
Leak Less
Lil' Torquey Pistons
Mesozoic Petrol
Motor Parts
N2O Cola
Night Springs
Nitroade
Octane Gain
Rev-N-Go
Richard Petty Inc.
RPM
Rusteze
Shifty Drug
Sprint Nitrogen
Sunoco
Tank Coat
Tow Stores
Toy Story
Transberry Juice
Trunk Fresh
View Zeen
Vitoline
 
Statistiche sulle risposte
Risposta % Corretto
Apple
70%
Rusteze
61%
HTB
26%
Nitroade
26%
Dale Earnhardt Inc.
25%
Leak Less
25%
Vitoline
25%
Lil' Torquey Pistons
18%
N2O Cola
18%
Octane Gain
16%
Faux Wheel Drive
14%
Rev-N-Go
12%
Fiber Fuel
11%
RPM
11%
Tank Coat
11%
Easy Idle
9%
Trunk Fresh
9%
Shifty Drug
7%
Transberry Juice
5%
View Zeen
4%
Nessun quiz corrispondente trovato
Distribuzione punteggi
Percentuale di utenti per punteggio
Percentile per numero di risposta
I tuoi punteggi nel tempo
Non hai fatto questo quiz